Arsenic-cobalt-nickel-silver veins in the Lindsköld copper mine, N. Sweden, (Record no. 28216)

MARC details
000 -LEADER
fixed length control field 01187cam a22003011 4500
001 - CONTROL NUMBER
control field gs 47000337
003 - CONTROL NUMBER IDENTIFIER
control field DLC
005 - DATE AND TIME OF LATEST TRANSACTION
control field 20260227111353.0
008 - FIXED-LENGTH DATA ELEMENTS--GENERAL INFORMATION
fixed length control field 891025s1945 sw f b 000 0 eng c
010 ## - LIBRARY OF CONGRESS CONTROL NUMBER
LC control number gs 47000337
035 ## - SYSTEM CONTROL NUMBER
System control number (OCoLC)20549699
040 ## - CATALOGING SOURCE
Original cataloging agency U.S. Geol. Survey. Library
Transcribing agency CU
Modifying agency CU
-- DLC
042 ## - AUTHENTICATION CODE
Authentication code premarc
050 00 - LIBRARY OF CONGRESS CALL NUMBER
Classification number QE282
Item number .A3 ser. C, no. 469
082 ## - DEWEY DECIMAL CLASSIFICATION NUMBER
Classification number 553.4
100 1# - MAIN ENTRY--PERSONAL NAME
Personal name Gavelin, Sven,
Dates associated with a name 1909-
245 10 - TITLE STATEMENT
Title Arsenic-cobalt-nickel-silver veins in the Lindsköld copper mine, N. Sweden,
Statement of responsibility, etc. by Sven Gavelin.
260 ## - PUBLICATION, DISTRIBUTION, ETC.
Place of publication, distribution, etc. Stockholm,
Name of publisher, distributor, etc. Kungl. boktryckeriet, P.A. Norstedt & söner,
Date of publication, distribution, etc. 1945.
300 ## - PHYSICAL DESCRIPTION
Extent 18 p.
Other physical details plates.
Dimensions 24 cm.
490 1# - SERIES STATEMENT
Series statement Sweden. Geologiska undersökningen. Ser. C. Avhandlingar och uppsatser.
Volume/sequential designation n:o 469. Årsbok 39 (1945) n:o 2
500 ## - GENERAL NOTE
General note At head of title: Sveriges geologiska undersökning ...
504 ## - BIBLIOGRAPHY, ETC. NOTE
Bibliography, etc. note "Literature": p. 18.
650 #0 - SUBJECT ADDED ENTRY--TOPICAL TERM
Topical term or geographic name entry element Ore deposits
Geographic subdivision Sweden
-- Skelleft (Township)
650 #0 - SUBJECT ADDED ENTRY--TOPICAL TERM
Topical term or geographic name entry element Mineralogy
Geographic subdivision Sweden
-- Skelleft (Township)
740 0# - ADDED ENTRY--UNCONTROLLED RELATED/ANALYTICAL TITLE
Uncontrolled related/analytical title Lindsköld copper mine, N. Sweden.
830 #0 - SERIES ADDED ENTRY--UNIFORM TITLE
Uniform title Ser. C--Avhandlingar och uppsatser ;
Volume/sequential designation n:o 469.
830 #0 - SERIES ADDED ENTRY--UNIFORM TITLE
Uniform title Årsbok (Sveriges geologiska undersökning) ;
Volume/sequential designation 39 : n:o 2.

No items available.

Powered by Koha